| 000 | 00441nam a22001817a 4500 | ||
|---|---|---|---|
| 005 | 20251108170652.0 | ||
| 008 | 250721s1990 xx 000 0 eng d | ||
| 082 | 1 | 4 | _a420.7/har |
| 100 | 1 | _aharmer, jeremy | |
| 245 | 1 | 4 | _athe parctice of english language teaching / |
| 264 | 1 |
_alondon : _belbs, _c1990. |
|
| 300 | _a252p | ||
| 650 | 1 | 7 | _aenglish language |
| 650 | 1 | 7 | _ateaching |
| 650 | 1 | 7 | _astudy |
| 942 |
_2ddc _cBK |
||
| 999 |
_c46177 _d46177 |
||